LDR 00798naa#a2200169#i#450# 001 RU\INFRA-M\bibl\106246 005 20260513212017.3 011 ## _a1998-1740 100 ## _a20251031b2025####ek#y0rusy0150####ca 102 ## _aRU 200 1# _aПрименение методологии системного подхода в финансовой науке _eЖурнальная статья 210 1# _aМосква _cОбщество с ограниченной ответственностью «Научно-издательский центр ИНФРА-М» _d2025 215 ## _a19 с. 608 ## _aЖурнальная статья _2local 675 ## _aЭкономические науки в целом. Политическая экономия. 330 _z 700 #1 _aЛевчаев _gП. А. 856 4# _anaukaru.ru _u